000 01122nam a22002657a 4500
008 130821s1999 xxu gr eng
020 _a0721677037
040 _aCo-BoUCM
_bspa
041 0 0 _aeng
060 _aWI 100
_25
100 1 _aWeisiger, Richard.
245 1 0 _aSleisenger& Fordtran's Gastrointestinal and liver disease review and assessment
_cRichard A. Weisiger, Lyman E. Bilhartz
246 3 0 _aGastrointestinal and liver disease
246 3 0 _aSleisenger and Fordtran's gastrointestinal and liver disease
260 _aFiladelfia (Pensilvania, Estados Unidos)
_bSaunders
_cc1999
300 _aviii, 222 páginas
500 _aWritten to accompany Sleisenger & Fordtran's Gastrointestinal and liver disease, 6th edition.
650 0 4 _aLiver
_xEnfermedades
_vExámenes
_918770
650 0 4 _aSistema gastrointestinal
_xEnfermedades
_vExámenes, preguntas, etc.
_924538
700 1 _aBilhartz, Lyman.
700 1 _aFordtran, John S.
700 1 _aSleisenger, Marvin H.
730 0 _aSleisenger & Fordtran's gastrointestinal and liver disease.
_s6th ed.
942 _cLIBRO
_a15
_e1
_mS632
_2NLM
_hWI 100
999 _c90049
_d90049